<The> Economics of Brazil’s Ethanol-Sugar Markets, Mandates, and Tax Exemptions
Vplyv Brazílie na svetové komoditné trhy kvôli výrobe etanolu a cukru. Prehľad o tom, ako môže brazílska vláda upraviť pravidlá týkajúce sa cukrovej trstiny s cieľom lepšie ovládať domácu infláciu a zároveň minimalizovať vplyv na investície.
Uložené v:
| Hlavný autor: | |
|---|---|
| Ďalší autori: | , , |
| Médium: | Kapitola |
| Jazyk: | English |
| Predmet: | |
| Tagy: |
Žiadne tagy, Buďte prvý, kto otaguje tento záznam!
|
MARC
| LEADER | 00000nla a2200000 4500 | ||
|---|---|---|---|
| 001 | 0242492 | ||
| 005 | 20221007085908.7 | ||
| 041 | 0 | |a eng | |
| 044 | |a SK | ||
| 245 | 1 | 0 | |a <The> Economics of Brazil’s Ethanol-Sugar Markets, Mandates, and Tax Exemptions |c Dušan Drábik, Harry de Gorter, David R. Just, Govinda R. Timilsina |
| 520 | |a Vplyv Brazílie na svetové komoditné trhy kvôli výrobe etanolu a cukru. Prehľad o tom, ako môže brazílska vláda upraviť pravidlá týkajúce sa cukrovej trstiny s cieľom lepšie ovládať domácu infláciu a zároveň minimalizovať vplyv na investície. | ||
| 610 | 2 | 0 | |a Brazília |
| 610 | 2 | 0 | |a cukor |
| 610 | 2 | 0 | |a cukrovarníctvo |
| 610 | 2 | 0 | |a palivá tekuté |
| 610 | 2 | 0 | |a lieh |
| 610 | 2 | 0 | |a trh komoditný |
| 610 | 2 | 0 | |a trh medzinárodný |
| 610 | 2 | 0 | |a trstina cukrová |
| 610 | 2 | 0 | |a zaťaženie daňové |
| 100 | 1 | |a Drábik, Dušan | |
| 700 | 1 | |a de Gorter, Harry | |
| 700 | 1 | |a R. Just, David | |
| 700 | 1 | |a R. Timilsina, Govinda | |